000 01039nam a2200241Ia 4500
001 10498
003 GE_BSU
008 181216s||||||||xx |||||||||||||| ||und||
040 _cGE_BSU
080 _a821.353.1–3
100 _aგოთუა,ლევან
245 _aქართული პროზა. წიგნი 33.ლევან გოთუა:გმირთა ვარამი წ.3
245 _bრომანი
245 _cსარედ.კოლ.რ.თვარაძე და სხვ.შემდგ.რედ.ჯ.ღვინჯილია.ვ.ჯავახაძე.რედ. ზურაბ ტატიშვილი.მხატვ.დ.დუნდუა,თამაზ შარიფაშვილი
260 _aთბილისი
260 _bსაქართველო
260 _c1998
300 _a640გვ.20სმ.
541 _h12ლ.
653 _aგმირთა ვარამი
653 _aქართული პროზა
942 _cBK
999 _c43753
_d43753